Domov /

Hlavní autor: Sládek, Josef Václav, 1845-1912
Jazyk: Čeština
Vydáno: V Praze : Melantrich, 1946
Vydání: 1. vyd.
Edice: Sládek, Josef Václav, 1845-1912. Básnické dílo (Melantrich)
Externí odkaz: Digitalizovaný dokument
Fyzický popis: 438 s.
Knihy
Uloženo v:
LEADER 01045nam a22002652a 4500
001 000307580
003 CZ BrMZK
005 20210823064912.0
007 ta
008 980105s1946 xr f cze d
015 |a cnb000499827 
040 |a BOA001  |b cze 
100 1 |a Sládek, Josef Václav,  |d 1845-1912  |7 jk01111743  |4 aut 
245 1 0 |a Domov /  |c J.V. Sládek 
250 |a 1. vyd. 
260 |a V Praze :  |b Melantrich,  |c 1946 
300 |a 438 s. 
490 1 |a Básnické dílo J.V. Sládka ;  |v sv. 4 
500 |a Dostupné též v digitální podobě v aplikaci Kramerius 
800 1 |a Sládek, Josef Václav,  |d 1845-1912.  |t Básnické dílo (Melantrich)  |0 s 
856 4 1 |u http://www.digitalniknihovna.cz/mzk/uuid/uuid:8d3b5d00-960a-11ec-adf7-5ef3fc9bb22f  |y Digitalizovaný dokument  |x NDK 
910 |a BOA001  |b 2-0181.891,4 
990 |a BK 
996 7 |b 2619859671  |c 2-0181.891,4  |l MZK  |r Sklad / do 24 hodin  |n 11  |w 000307580  |u 000010  |a 1  |e BOA001  |j MZK50  |s A 
996 7 |b 2619859672  |c 2-0181.891,4  |l MZK  |r Sklad / do 24 hodin  |n 10  |w 000307580  |u 000020  |a 1  |e BOA001  |j MZK50  |s A